000 00273nam a22000977a 4500
082 _a331.4 WOM'A
245 _aWOMAN POWER A STATEMENT BY THE NATIONAL MANPOWER COUNCIL WITH CHAPTERS BY THE COUNCIL STAFF
260 _aNEWYORK
_bCOLUMBIA
_c1957
300 _a371P
942 _cBK
999 _c570231
_d570231